Вербальні особливості комунікації в соціальних мережах (Запис № 285440)
[ простий вигляд ]
| 000 -LEADER | |
|---|---|
| fixed length control field | 01629nam a22001577a 4500 |
| 041 ## - LANGUAGE CODE | |
| Language code of text/sound track or separate title | ukr |
| 080 ## - UNIVERSAL DECIMAL CLASSIFICATION NUMBER | |
| Universal Decimal Classification number | 09 |
| 090 ## - LOCALLY ASSIGNED LC-TYPE CALL NUMBER (OCLC); LOCAL CALL NUMBER (OCLC) | |
| Local cutter number (OCLC) ; Book number/undivided call number, CALL (RLIN) | КУЛ |
| 100 ## - MAIN ENTRY--PERSONAL NAME | |
| Personal name | Кулина, А. В. |
| 245 ## - TITLE STATEMENT | |
| Title | Вербальні особливості комунікації в соціальних мережах |
| 260 ## - PUBLICATION, DISTRIBUTION, ETC. (IMPRINT) | |
| Place of publication, distribution, etc | Острог |
| Name of publisher, distributor, etc | КАФ |
| Date of publication, distribution, etc | 2014 |
| 300 ## - PHYSICAL DESCRIPTION | |
| Extent | 47 |
| 520 ## - SUMMARY, ETC. | |
| Summary, etc | Вступ.<br/>Розділ І. Теоретичний аспект поняття вербальних комунікацій.<br/>1.1. Поняття вербальних комунікацій<br/>1.2. Види та форми вербальних комунікацій<br/>1.3. Особливості використання вербальних комунікацій<br/>Розділ ІІ. Соціальні мережі як засіб комунікацій.<br/>2.1. Характеристика соціальних мереж<br/>2.2. Функції соціальних мереж<br/>2.3. Особливості спікування у соціальних мережах<br/>Розділ ІІІ. Вербальні особливості комунікації у соціальних мережах.<br/>3.1. Соціальні аспекти комунікації в мережі Інтернет<br/>3.2. Вплив соціальних мереж на особистість<br/>3.3. Вербальний аспект культурної безпеки молоді в соціальних мережах.<br/>3.4. Емпіричне дослідження<br/>Висновки.<br/>Список використаної літератури.<br/>Додатки. |
| 650 ## - SUBJECT ADDED ENTRY--TOPICAL TERM | |
| Topical term or geographic name as entry element | Research Papers |
| 942 ## - ADDED ENTRY ELEMENTS (KOHA) | |
| Koha item type | Книги |
| Withdrawn status | Lost status | Source of classification or shelving scheme | Damaged status | Not for loan | Home library | Current library | Date acquired | Source of acquisition | Cost, normal purchase price | Total Checkouts | Full call number | Barcode | Date last seen | Price effective from | Koha item type |
|---|---|---|---|---|---|---|---|---|---|---|---|---|---|---|---|
| Universal Decimal Classification | ВІЛ - Відділ іноземн. літератури НБ | ВІЛ - Відділ іноземн. літератури НБ | 17/06/2014 | Акт №8 | 1.00 | 09 | 215483 | 10/11/2021 | 17/06/2014 | Книги |